Catálogo
 En Linea

La presión atmosférica y la caída de los cuerpos. (Registro nro. 39904)

Detalles MARC
000 -CABECERA
campo de control de longitud fija 00293nam a2200109 a 4500
005 - FECHA Y HORA DE LA ÚLTIMA TRANSACCIÓN
campo de control 20201002034123.0
008 - DATOS DE LONGITUD FIJA--INFORMACIÓN GENERAL
campo de control de longitud fija 130823s2008 000 spa d
020 ## - NÚMERO INTERNACIONAL ESTÁNDAR DEL LIBRO
Número Internacional Estándar del Libro 9789703243884
040 ## - FUENTE DE LA CATALOGACIÓN
Centro catalogador/agencia de origen DO-SdBNP
245 #3 - MENCIÓN DE TÍTULO
Título La presión atmosférica y la caída de los cuerpos.
260 ## - PUBLICACIÓN, DISTRIBUCIÓN, ETC.
Lugar de publicación, distribución, etc. México,
Fecha de publicación, distribución, etc. 2008.

No hay ítems disponibles.

Con tecnología Koha